000 00688nam a2200217Ia 4500
999 _c41988
_d41988
003 GCL
005 20240530103727.0
008 140319s1996 ua 000 0 ara d
040 _aGCL /
_cGCL
082 0 4 _221
_a937.06/
_bح ر
100 1 _aحسين الشيخ
245 1 0 _aالرومان /
_cحسين الشيخ
260 _aالاسكندرية :
_bدار المعرفة الجامعية ،
_c1996
300 _a291 ص :
_bصور ؛
_c24 سم
490 _aدراسات فى تاريخ الحضارات القديمة
_v2
650 0 4 _aتاريخ
650 0 4 _aاباطرة الرومان
650 0 4 _aالحضارة القديمة
650 0 4 _aالروم
942 _2ddc
_cBK